Statystyki dla Z jakiego państwa pochodzi ta gra

Kliknij tutaj aby rozwiązać quiz!

Ogólne statystyki

  • Ten quiz został rozwiązany 64 razy
  • Średni wynik to 5 z 8

Statystyki odpowiedzi

GraPaństwo% Poprawnych
FortniteStany Zjednoczone
98%
Wiedźmin 3 ; Dziki GonPolska
97%
MinecraftSzwecja
78%
Super Mario BrosJaponia
75%
KozacyUkraina
51%
MafiaCzechy
44%
KoGaMaDania
25%
Might & Magic Heroes VIWęgry
12%

Rozkład punktacji

Percentyl według liczby udzielonych odpowiedzi

Procent ludzi z każdym wynikiem

Twoja historia wyników

Nie rozwiązałeś tego quizu